[Event "Coronel Oviedo op 5th"]
[Site "Coronel Oviedo"]
[Date "2019.07.14"]
[Round "6"]
[White "Perez Canete, Ivan"]
[Black "Ferloni, Jose W Perez"]
[Result "1/2-1/2"]
[WhiteElo "1541"]
[BlackElo "1890"]
[PlyCount "82"]
[EventDate "2019.07.11"]
[EventType "swiss"]
[EventRounds "7"]
[EventCountry "PAR"]
[SourceTitle "EXT 2020"]
[Source "ChessBase"]
[SourceDate "2019.10.17"]
[SourceVersion "1"]
[SourceVersionDate "2019.10.17"]
[SourceQuality "1"]

1. d4 d5 2. Nf3 Nf6 3. g3 c5 4. Bg2 Nc6 5. Bf4 Qb6 6. dxc5 Qxb2 7. Nbd2 Qc3 8. 0-0 e5 9. Bg5 e4 10. Bxf6 Qxf6 11. Ne1 Bxc5 12. c4 e3 13. fxe3 Bxe3+ 14. Kh1 Qh6 15. cxd5 Ne5 16. Qa4+ Bd7 17. Qe4 0-0 18. Qxe5 Bxd2 19. e4 Bh3 20. Nf3 Bxg2+ 21. Kxg2 Be3 22. d6 Qe6 23. a4 Qxe5 24. Nxe5 Bd4 25. Nd7 Bxa1 26. Nxf8 Be5 27. Nd7 Bxd6 28. Rb1 b6 29. Rd1 Bb4 30. Rd4 Bf8 31. Rd5 f6 32. e5 fxe5 33. Nxe5 Re8 34. Kf3 Bc5 35. a5 Bb4 36. axb6 axb6 37. Rb5 Ba5 38. Nc4 Rf8+ 39. Kg4 Rf2 40. h4 Ra2 41. Nxb6 Bxb6 1/2-1/2

[Event "Asuncion Semana Santa op"]
[Site "Asuncion"]
[Date "2016.03.27"]
[Round "7"]
[White "Ferloni, Jose W Perez"]
[Black "Guex, Ricardo"]
[Result "1/2-1/2"]
[WhiteElo "1906"]
[BlackElo "1821"]
[PlyCount "63"]
[EventDate "2016.03.24"]
[EventType "swiss"]
[EventRounds "7"]
[EventCountry "PAR"]
[SourceTitle "EXT 2017"]
[Source "ChessBase"]
[SourceDate "2016.10.25"]
[SourceVersion "1"]
[SourceVersionDate "2016.10.25"]
[SourceQuality "1"]

1. d4 Nf6 2. Nf3 e6 3. g3 d5 4. Bg2 Be7 5. 0-0 0-0 6. c4 dxc4 7. Nc3 c5 8. dxc5 Bxc5 9. Ne5 Nbd7 10. Nxc4 a6 11. a3 Qc7 12. Be3 Rb8 13. Rc1 b5 14. Bxc5 Nxc5 15. Qd6 Qxd6 16. Nxd6 Nb3 17. Rcd1 Nc5 18. b4 Nb7 19. Nde4 Ne8 20. Nc5 Nbd6 21. N3e4 Nc4 22. Nd7 Bxd7 23. Rxd7 Nxa3 24. Nc5 Nc2 25. Rb1 Nf6 26. Ra7 Rfd8 27. Rxa6 Rd2 28. Ra2 Rbd8 29. Ne4 R2d4 30. Rxc2 Nxe4 31. Bxe4 Rxe4 32. e3 1/2-1/2

[Event "Asuncion Semana Santa op"]
[Site "Asuncion"]
[Date "2016.03.26"]
[Round "6"]
[White "Cantero, Rodolfo"]
[Black "Ferloni, Jose W Perez"]
[Result "1-0"]
[WhiteElo "1856"]
[BlackElo "1906"]
[PlyCount "65"]
[EventDate "2016.03.24"]
[EventType "swiss"]
[EventRounds "7"]
[EventCountry "PAR"]
[SourceTitle "EXT 2017"]
[Source "ChessBase"]
[SourceDate "2016.10.25"]
[SourceVersion "1"]
[SourceVersionDate "2016.10.25"]
[SourceQuality "1"]

1. e4 c5 2. Nf3 Nc6 3. d4 cxd4 4. Nxd4 g6 5. Be3 Bg7 6. Nc3 a6 7. Bc4 Nf6 8. Bb3 0-0 9. f3 b5 10. Qd2 Nxd4 11. Bxd4 Bb7 12. 0-0-0 a5 13. Nxb5 a4 14. Bc4 d5 15. exd5 Rc8 16. Na3 Rxc4 17. Nxc4 Qxd5 18. Bxf6 Qxc4 19. Bxg7 Kxg7 20. Qd4+ Qxd4 21. Rxd4 Bc6 22. a3 h5 23. b4 f5 24. c4 e5 25. Rd6 Rc8 26. Kd2 Be8 27. Rc1 e4 28. fxe4 fxe4 29. Ke3 Bf7 30. Kxe4 Re8+ 31. Kd3 g5 32. c5 Bg6+ 33. Rxg6+ 1-0

[Event "Este op 5th"]
[Site "Ciudad del Este"]
[Date "2015.08.29"]
[Round "4"]
[White "Gomez Dacak, Franklin Paul"]
[Black "Ferloni, Jose W Perez"]
[Result "0-1"]
[WhiteElo "1671"]
[BlackElo "1904"]
[PlyCount "90"]
[EventDate "2015.08.28"]
[EventType "swiss"]
[EventRounds "7"]
[EventCountry "PAR"]
[SourceTitle "EXT 2016"]
[Source "ChessBase"]
[SourceDate "2015.10.08"]
[SourceVersion "1"]
[SourceVersionDate "2015.10.08"]
[SourceQuality "1"]

1. d4 Nf6 2. Nf3 d5 3. Bf4 c5 4. e3 Qb6 5. Nc3 Bd7 6. Rb1 a6 7. Ne5 e6 8. Nxd7 Nbxd7 9. Ne2 Be7 10. c3 0-0 11. Ng1 cxd4 12. exd4 Rfe8 13. Nf3 Bd6 14. Bxd6 Qxd6 15. Be2 e5 16. dxe5 Nxe5 17. 0-0 Re7 18. Nd4 g6 19. h3 Rae8 20. Re1 Nc6 21. Nf3 Ne5 22. Nd4 Ne4 23. Bf1 Qf6 24. Qc2 Ng5 25. Re3 Nc4 26. Rxe7 Rxe7 27. Bxc4 dxc4 28. Rd1 Ne4 29. Re1 Nc5 30. Rxe7 Qxe7 31. Qe2 Qxe2 32. Nxe2 Kg7 33. Nd4 Na4 34. Kf1 Nxb2 35. Ke2 Na4 36. Kd2 Nc5 37. f3 Nd3 38. g3 h5 39. h4 Kf6 40. a4 Ke5 41. Nc2 Nc5 42. Ne3 Nb3+ 43. Kd1 Na5 44. Ke2 f6 45. Nc2 Nc6 0-1

[Event "Encarnacion op 1st"]
[Site "Encarnacion"]
[Date "2015.04.04"]
[Round "5"]
[White "Ferloni, Jose W Perez"]
[Black "Cantero, Rodolfo"]
[Result "1-0"]
[WhiteElo "1897"]
[BlackElo "1700"]
[PlyCount "61"]
[EventDate "2015.04.02"]
[EventType "swiss"]
[EventRounds "7"]
[EventCountry "PAR"]
[SourceTitle "CBM 166 Extra"]
[Source "ChessBase"]
[SourceDate "2015.06.18"]
[SourceVersion "1"]
[SourceVersionDate "2015.06.18"]
[SourceQuality "1"]

1. d4 Nf6 2. Nf3 e6 3. c4 Bb4+ 4. Bd2 Qe7 5. a3 Bxd2+ 6. Nbxd2 b6 7. e4 d6 8. Bd3 e5 9. 0-0 Bb7 10. Re1 a5 11. b4 Nbd7 12. Qc2 c5 13. bxc5 dxc5 14. dxe5 Nxe5 15. Nxe5 Qxe5 16. Rab1 Nd7 17. Nf3 Qe6 18. Qc3 0-0 19. Ng5 Qe5 20. Qd2 h6 21. Nf3 Qe6 22. Qe3 Rab8 23. Nh4 Ne5 24. Be2 Nxc4 25. Bxc4 Qxc4 26. Nf5 Kh7 27. Qg3 g6 28. Nd6 Qe6 29. Rxb6 Bxe4 30. Rxb8 Rxb8 31. f3 1-0

[Event "Encarnacion op 1st"]
[Site "Encarnacion"]
[Date "2015.04.04"]
[Round "6"]
[White "Recalde, Ariel"]
[Black "Ferloni, Jose W Perez"]
[Result "0-1"]
[WhiteElo "1907"]
[BlackElo "1897"]
[PlyCount "74"]
[EventDate "2015.04.02"]
[EventType "swiss"]
[EventRounds "7"]
[EventCountry "PAR"]
[SourceTitle "CBM 166 Extra"]
[Source "ChessBase"]
[SourceDate "2015.06.18"]
[SourceVersion "1"]
[SourceVersionDate "2015.06.18"]
[SourceQuality "1"]

1. d4 Nf6 2. c4 g6 3. Nc3 Bg7 4. e4 d6 5. Be2 b6 6. Bf3 c6 7. Qa4 Bd7 8. Qc2 0-0 9. Bf4 Na6 10. Nge2 Rc8 11. Qa4 Nc7 12. Qxa7 Ne6 13. Qa3 Nxf4 14. Nxf4 c5 15. d5 Ng4 16. Bxg4 Bxg4 17. f3 Bd7 18. 0-0 Be5 19. Nfe2 f5 20. exf5 Rxf5 21. Ng3 Rf4 22. Qb3 b5 23. cxb5 Qb6 24. Kh1 c4 25. Qc2 Rh4 26. f4 Bxf4 27. Rxf4 Rxf4 28. a4 Rcf8 29. Nce2 Rh4 30. Qd2 h6 31. Ng1 Qf2 32. Qc3 Qc5 33. Rd1 Rf7 34. Nf3 Rhf4 35. Qa5 Bg4 36. Qa8+ Kg7 37. Qc6 Qb4 0-1

[Event "Encarnacion op 1st"]
[Site "Encarnacion"]
[Date "2015.04.02"]
[Round "2"]
[White "Lugo, Manuel"]
[Black "Ferloni, Jose W Perez"]
[Result "0-1"]
[WhiteElo "1637"]
[BlackElo "1897"]
[PlyCount "38"]
[EventDate "2015.04.02"]
[EventType "swiss"]
[EventRounds "7"]
[EventCountry "PAR"]
[SourceTitle "CBM 166 Extra"]
[Source "ChessBase"]
[SourceDate "2015.06.18"]
[SourceVersion "1"]
[SourceVersionDate "2015.06.18"]
[SourceQuality "1"]

1. c4 Nf6 2. Nc3 g6 3. g3 Bg7 4. Bg2 0-0 5. d3 c6 6. e4 d6 7. Nge2 a6 8. Rb1 b5 9. a3 bxc4 10. dxc4 Be6 11. b3 Qc8 12. Nf4 Bg4 13. f3 Bd7 14. Na4 Qc7 15. 0-0 a5 16. c5 Na6 17. cxd6 exd6 18. Be3 Nc5 19. Nd3 Ne6 0-1

[Event "Ciudad del Este Patriarca Memorial"]
[Site "Ciudad del Este"]
[Date "2015.02.12"]
[Round "3"]
[White "Ferloni, Jose W Perez"]
[Black "Britez, G Jorge A"]
[Result "1-0"]
[WhiteElo "1944"]
[BlackElo "1844"]
[PlyCount "67"]
[EventDate "2015.02.11"]
[EventType "tourn"]
[EventRounds "9"]
[EventCountry "PAR"]
[SourceTitle "EXT 2018"]
[Source "ChessBase"]
[SourceDate "2017.10.13"]
[SourceVersion "1"]
[SourceVersionDate "2017.10.13"]
[SourceQuality "1"]

1. d4 Nf6 2. Nf3 g6 3. g3 Bg7 4. Bg2 0-0 5. 0-0 d5 6. c4 c6 7. Nc3 Qb6 8. a4 dxc4 9. a5 Qa6 10. Bg5 Nbd7 11. e4 h6 12. Bf4 e6 13. Re1 Ng4 14. Bd6 Re8 15. e5 h5 16. h3 Nh6 17. g4 hxg4 18. hxg4 Bf8 19. Bxf8 Rxf8 20. Nd2 c5 21. d5 exd5 22. Bxd5 Re8 23. Nxc4 Nf8 24. g5 Nf5 25. Ne4 Nd7 26. f4 Kg7 27. Kf2 Rh8 28. Rh1 Rxh1 29. Qxh1 Qb5 30. Bxf7 Qb3 31. Rd1 Nf8 32. Bd5 Be6 33. Bxe6 Nxe6 34. Rd7+ 1-0

[Event "Ciudad del Este-ch qual"]
[Site "Ciudad del Este"]
[Date "2013.08.30"]
[Round "1.1"]
[White "Ferloni, Jose W Perez"]
[Black "Rodriguez, Camila"]
[Result "1-0"]
[WhiteElo "1934"]
[BlackElo "1573"]
[PlyCount "65"]
[EventDate "2013.08.30"]
[EventType "swiss"]
[EventRounds "7"]
[EventCountry "PAR"]
[SourceTitle "EXT 2023"]
[Source "ChessBase"]
[SourceDate "2022.10.05"]
[SourceVersion "1"]
[SourceVersionDate "2022.10.05"]
[SourceQuality "1"]

1. e4 e6 2. f4 d5 3. e5 c5 4. Nf3 Nc6 5. c3 Be7 6. d4 Qb6 7. Bd3 cxd4 8. cxd4 Bd7 9. Bc2 Nh6 10. Nc3 Nf5 11. Bxf5 exf5 12. Nxd5 Qa5+ 13. Nc3 0-0 14. d5 Nb4 15. d6 Bd8 16. 0-0 f6 17. a3 Nc6 18. Qb3+ Kh8 19. e6 Bb6+ 20. Kh1 Be8 21. d7 Bh5 22. Nd5 Qc5 23. Be3 Qd6 24. Nxb6 axb6 25. Rad1 Qe7 26. Bxb6 Rg8 27. Qd5 Nd8 28. Rfe1 Bxf3 29. gxf3 Nc6 30. Bc5 Qd8 31. e7 Nxe7 32. Bxe7 Qc7 33. Qxf5 1-0

[Event "Ciudad del Este-ch qual"]
[Site "Ciudad del Este"]
[Date "2013.08.30"]
[Round "6.2"]
[White "Fretes Romero, Matias"]
[Black "Ferloni, Jose W Perez"]
[Result "0-1"]
[WhiteElo "1584"]
[BlackElo "1934"]
[PlyCount "56"]
[EventDate "2013.08.30"]
[EventType "swiss"]
[EventRounds "7"]
[EventCountry "PAR"]
[SourceTitle "EXT 2023"]
[Source "ChessBase"]
[SourceDate "2022.10.05"]
[SourceVersion "1"]
[SourceVersionDate "2022.10.05"]
[SourceQuality "1"]

1. e4 d6 2. Nf3 Nd7 3. g3 c5 4. d3 g6 5. Bg2 Bg7 6. 0-0 Ngf6 7. Nbd2 Rb8 8. a4 0-0 9. Rb1 a6 10. b3 b5 11. Ba3 bxa4 12. bxa4 Rxb1 13. Qxb1 Qa5 14. Qb3 Ng4 15. Nc4 Qc7 16. Bb2 Ngf6 17. Rb1 e5 18. Bc3 h6 19. Nfd2 Kh7 20. a5 Ne8 21. Nb6 Nxb6 22. axb6 Qb7 23. Qa4 Be6 24. Nb3 Qxb6 25. Nd2 Qa7 26. Ra1 Nc7 27. Qc6 Ra8 28. Qxd6 Nb5 0-1

[Event "Foz do Iguacu IRT Cidade de I"]
[Site "Foz do Iguacu"]
[Date "2009.10.10"]
[Round "2.8"]
[White "Ferloni, Jose W Perez"]
[Black "Sanabria, Mauricio"]
[Result "1-0"]
[WhiteElo "1917"]
[BlackElo "1823"]
[PlyCount "85"]
[EventDate "2009.10.09"]
[EventType "swiss"]
[EventRounds "6"]
[EventCountry "BRA"]
[SourceTitle "EXT 2022"]
[Source "ChessBase"]
[SourceDate "2021.10.06"]
[SourceVersion "1"]
[SourceVersionDate "2021.10.06"]
[SourceQuality "1"]

1. d4 Nf6 2. Nf3 b6 3. c4 d5 4. e3 Bb7 5. Nc3 e6 6. Bd3 Nbd7 7. 0-0 Be7 8. Re1 0-0 9. cxd5 exd5 10. e4 dxe4 11. Nxe4 Bxe4 12. Bxe4 Nxe4 13. Rxe4 Nc5 14. Rxe7 Qxe7 15. dxc5 Qxc5 16. Be3 Qb5 17. Qc2 Rac8 18. Ng5 g6 19. h3 Rfe8 20. Nf3 Qd7 21. Rd1 Qe6 22. b3 c5 23. Qc3 Rcd8 24. Re1 Qf5 25. Rf1 Rd3 26. Qc4 Red8 27. Qf4 Qxf4 28. Bxf4 Rd1 29. Be3 Rxf1+ 30. Kxf1 Rd1+ 31. Ke2 Ra1 32. a4 Ra3 33. Nd2 Kf8 34. Kd3 Ke7 35. Kc4 a6 36. Kc3 Ra1 37. Nc4 Rg1 38. g3 Rh1 39. h4 Kd7 40. Nxb6+ Kc6 41. Nc4 f6 42. Nb2 f5 43. Nd3 1-0

[Event "Asuncion zt 2.5"]
[Site "Asuncion"]
[Date "2009.06.13"]
[Round "4"]
[White "Ferloni, Jose W Perez"]
[Black "Zacarias Martinez, Ruben David"]
[Result "0-1"]
[WhiteElo "1916"]
[BlackElo "2209"]
[PlyCount "70"]
[EventDate "2009.06.10"]
[EventType "swiss"]
[EventRounds "9"]
[EventCountry "PAR"]
[SourceTitle "CBM 130 Extra"]
[Source "ChessBase"]
[SourceDate "2009.07.02"]
[SourceVersion "2"]
[SourceVersionDate "2009.07.15"]
[SourceQuality "1"]

1. d4 Nf6 2. Nf3 c5 3. c3 g6 4. Bf4 Bg7 5. e3 0-0 6. Bd3 d6 7. Nbd2 Nc6 8. Qc2 Nh5 9. Bg3 e5 10. d5 Ne7 11. e4 h6 12. h3 a6 13. Bh2 f5 14. c4 f4 15. a4 g5 16. Be2 Nf6 17. g3 Bxh3 18. gxf4 Bg2 19. Rg1 Bxf3 20. Nxf3 exf4 21. Nxg5 hxg5 22. Rxg5 Nh7 23. Rg4 f3 24. Bd3 Qd7 25. Rxg7+ Kxg7 26. e5 Qh3 27. Bg3 Nf5 28. Bxf5 Qxf5 29. Qxf5 Rxf5 30. e6 Re8 31. Bxd6 Ng5 32. Bxc5 Nxe6 33. Be3 Nf4 34. 0-0-0 Rc8 35. Bxf4 Rxc4+ 0-1